Things Great and Small : (Record no. 7181)
[ view plain ]
| 000 -LEADER | |
|---|---|
| fixed length control field | 01863cam a22004218i 4500 |
| 003 - CONTROL NUMBER IDENTIFIER | |
| control field | EG-NbEJU |
| 005 - DATE AND TIME OF LATEST TRANSACTION | |
| control field | 20251012101055.0 |
| 008 - FIXED-LENGTH DATA ELEMENTS--GENERAL INFORMATION | |
| fixed length control field | 231226s2024 mdu b 001 0 eng |
| 010 ## - LIBRARY OF CONGRESS CONTROL NUMBER | |
| LC control number | 2023057684 |
| 020 ## - INTERNATIONAL STANDARD BOOK NUMBER | |
| International Standard Book Number | 9781538183779 |
| Qualifying information | (cloth) |
| 020 ## - INTERNATIONAL STANDARD BOOK NUMBER | |
| International Standard Book Number | 9781538183786 |
| Qualifying information | (paperback) |
| 020 ## - INTERNATIONAL STANDARD BOOK NUMBER | |
| Canceled/invalid ISBN | 9781538183793 |
| Qualifying information | (electronic) |
| 040 ## - CATALOGING SOURCE | |
| Original cataloging agency | DLC |
| Language of cataloging | eng |
| Description conventions | rda |
| Transcribing agency | DLC |
| 041 ## - LANGUAGE CODE | |
| Language code of text/sound track or separate title | eng |
| 042 ## - AUTHENTICATION CODE | |
| Authentication code | pcc |
| 050 00 - LIBRARY OF CONGRESS CALL NUMBER | |
| Classification number | AM133 |
| Item number | .S56 2024 |
| 100 1# - MAIN ENTRY--PERSONAL NAME | |
| Personal name | Simmons , John E. |
| 245 10 - TITLE STATEMENT | |
| Title | Things Great and Small : |
| Remainder of title | Collection Management Policies / |
| Statement of responsibility, etc. | John E. Simmons |
| 250 ## - EDITION STATEMENT | |
| Edition statement | Third Edition |
| 260 ## - PUBLICATION, DISTRIBUTION, ETC. | |
| Place of publication, distribution, etc. | Lanham : |
| Name of publisher, distributor, etc. | Rowman & Littlefield , |
| Date of publication, distribution, etc. | 2024 |
| 300 ## - PHYSICAL DESCRIPTION | |
| Extent | 287 page ; |
| Dimensions | 28 cm |
| 336 ## - CONTENT TYPE | |
| Content type term | text |
| Content type code | txt |
| Source | rdacontent |
| 337 ## - MEDIA TYPE | |
| Media type term | unmediated |
| Media type code | n |
| Source | rdamedia |
| 338 ## - CARRIER TYPE | |
| Carrier type term | volume |
| Carrier type code | nc |
| Source | rdacarrier |
| 490 0# - SERIES STATEMENT | |
| Series statement | American alliance of musuems |
| 504 ## - BIBLIOGRAPHY, ETC. NOTE | |
| Bibliography, etc. note | Includes bibliographical references and index. |
| 520 ## - SUMMARY, ETC. | |
| Summary, etc. | "The new third edition of Things Great and Small continues to be a comprehensive resource for developing, implementing, and revising collection management policies and includes new information for addressing prolonged or permanent closure of museums, wider parameters for collection storage environments, and sustainable collection management practices to cope with climate change"-- |
| Assigning source | Provided by publisher. |
| 650 #0 - SUBJECT ADDED ENTRY--TOPICAL TERM | |
| Topical term or geographic name entry element | Museums |
| General subdivision | Collection management |
| Geographic subdivision | United States |
| 650 #0 - SUBJECT ADDED ENTRY--TOPICAL TERM | |
| Topical term or geographic name entry element | Museums |
| Geographic subdivision | United States |
| General subdivision | Planning |
| 650 #0 - SUBJECT ADDED ENTRY--TOPICAL TERM | |
| Topical term or geographic name entry element | Museums |
| Geographic subdivision | United States |
| General subdivision | Management |
| 776 08 - ADDITIONAL PHYSICAL FORM ENTRY | |
| Relationship information | Online version: |
| Main entry heading | Simmons, John E. |
| Title | Things great and small |
| Edition | Third edition. |
| Place, publisher, and date of publication | Lanham : Rowman & Littlefield, [2024] |
| International Standard Book Number | 9781538183793 |
| Record control number | (DLC) 2023057685 |
| 856 ## - ELECTRONIC LOCATION AND ACCESS | |
| Uniform Resource Identifier | <a href="7181">7181</a> |
| Link text | Click here to open Full Text |
| 901 ## - Cataloger information | |
| Cataloger Name | Kholoud |
| 902 ## - PDF File name | |
| PDF File name | EJUST_1303_ (6) |
| 906 ## - LOCAL DATA ELEMENT F, LDF (RLIN) | |
| a | 0 |
| b | ibc |
| c | orignew |
| d | 1 |
| e | ecip |
| f | 20 |
| g | y-gencatlg |
| 942 ## - ADDED ENTRY ELEMENTS (KOHA) | |
| Source of classification or shelving scheme | Library of Congress Classification |
| Suppress in OPAC | No |
| Koha item type | Books |
| Withdrawn status | Lost status | Source of classification or shelving scheme | Damaged status | Not for loan | Home library | Current library | Date acquired | Total checkouts | Full call number | Barcode | Date last seen | Copy number | Price effective from | Koha item type |
|---|---|---|---|---|---|---|---|---|---|---|---|---|---|---|
| Library of Congress Classification | Fayza Aboulnaga Central Library | مكتبة فايزة أبو النجا المركزية بالحرم الجامعي | Fayza Aboulnaga Central Library | مكتبة فايزة أبو النجا المركزية بالحرم الجامعي | 03/16/2025 | AM133 .S56 2024 | 10014294 | 03/16/2025 | C. 1 | 03/16/2025 |
